[Event "4NCL Division 2b"]
[Site "Hinckley Island ENG"]
[Date "2014.11.16"]
[Round "2.31"]
[White "Bellers, Christopher JV"]
[Black "Goldie, Thomas"]
[Result "1-0"]
[WhiteElo "2008"]
[BlackElo "1989"]
[PlyCount "101"]
[EventDate "2014.11.16"]
[WhiteTeam "Wessex"]
[BlackTeam "Barbican 4NCL Youth"]

1. c4 Nf6 2. g3 g6 3. Bg2 Bg7 4. Nc3 O-O 5. e4 d6 6. Nge2 e5 7. O-O Nc6 8. f4
exf4 9. gxf4 Bg4 10. h3 Bxe2 11. Nxe2 Re8 12. d3 a5 13. Be3 Nb4 14. Qd2 c6 15.
a3 Na6 16. Rad1 Nc5 17. b4 axb4 18. axb4 Na4 19. f5 d5 20. fxg6 fxg6 21. cxd5
cxd5 22. Bd4 dxe4 23. Bxf6 Bxf6 24. dxe4 Qe7 25. Qd7 Be5 26. Rd5 Nb6 27. Qxe7
Rxe7 28. Rb5 Nc4 29. Nf4 Ne3 30. Nd5 Nxd5 31. exd5 Ra2 32. d6 Rxg2+ 33. Kxg2
Bxd6 34. Rd1 Bf4 35. Kf3 g5 36. Kg4 Rf7 37. Rd8+ Kg7 38. Rbd5 Kg6 39. Rg8+ Kf6
40. Rf5+ Ke7 41. Rxf7+ Kxf7 42. Rh8 Kg6 43. h4 h6 44. h5+ Kg7 45. Rd8 Kf6 46.
Rd7 b6 47. Rh7 Be3 48. Rxh6+ Ke5 49. Rg6 Kd5 50. h6 b5 51. Rg7 1-0

[Event "4NCL Division 2b"]
[Site "Hinckley Island ENG"]
[Date "2014.11.16"]
[Round "2.32"]
[White "Keen, Cosima"]
[Black "Zhou, Yang-Jian"]
[Result "1/2-1/2"]
[WhiteElo "1821"]
[BlackElo "1810"]
[PlyCount "78"]
[EventDate "2014.11.16"]
[WhiteTeam "Barbican 4NCL Youth"]
[BlackTeam "Wessex"]

1. d4 Nf6 2. Nf3 g6 3. Bf4 Bg7 4. e3 d6 5. h3 b6 6. Be2 Bb7 7. O-O O-O 8. Re1
Nbd7 9. c4 Re8 10. Nc3 Ne4 11. Nxe4 Bxe4 12. Nd2 Bb7 13. Bf3 Qc8 14. Qa4 Bxf3
15. Nxf3 e5 16. Bh2 c5 17. dxe5 Nxe5 18. Nxe5 dxe5 19. Rad1 Rd8 20. Rxd8+ Qxd8
21. Rd1 Qh4 22. Qc6 Rd8 23. Rd5 Qe7 24. b3 Kf8 25. Kf1 f5 26. Bg3 Bf6 27. a4 g5
28. a5 f4 29. exf4 exf4 30. Bh2 Re8 31. Qd6 Qxd6 32. Rxd6 Bc3 33. g3 fxg3 34.
Bxg3 Bxa5 35. Rd7 Re1+ 36. Kg2 Kg8 37. Rxa7 h6 38. Rd7 Rb1 39. Rd3 Kf7 1/2-1/2